Algunas consideraciones sobre currículum y educación de adultos
I tiakina i:
| Kaituhi matua: | |
|---|---|
| Hōputu: | Pukapuka |
| Reo: | Pāniora |
| I whakaputaina: |
Santiago
CLEA
1974
|
| Ngā marau: | |
| Ngā Tūtohu: |
Tāpirihia he Tūtohu
Kāore He Tūtohu, Me noho koe te mea tuatahi ki te tūtohu i tēnei pūkete!
|
MARC
| LEADER | 00000nam a2200000 a 4500 | ||
|---|---|---|---|
| 001 | UCY8950 | ||
| 003 | CL-VaPUC | ||
| 008 | 950707e19740700CL |||||||||||||||||spa|d | ||
| 082 | 0 | 4 | |a 374 |b REC |2 21 |
| 100 | 0 | |a Recart Iturra, Hernán |e author |9 340810 | |
| 245 | 1 | 0 | |a Algunas consideraciones sobre currículum y educación de adultos |
| 300 | |a 30 h | ||
| 942 | |c BK | ||
| 945 | |d 19950707 00:00:00 |a cmena | ||
| 260 | |a Santiago |b CLEA |c 1974 | ||
| 650 | 0 | |a Educación de adultos |9 307580 | |
| 650 | 0 | |a Adultos |9 335034 | |
| 650 | 0 | |a Planificación de la educación |9 307333 | |
| 650 | 0 | |a Currículo |9 307290 | |
| 650 | 0 | |a Planificación del currículo |9 269599 | |
| 650 | 7 | |a EDUCACION PERMANENTE |2 CL-VaPUC |9 316165 | |
| 583 | |a last modification |c 19950707 00:00:00 |k Rodrigo Vera | ||
| 999 | |c 236128 |d 236126 | ||
| 952 | |0 0 |1 0 |4 0 |6 374_000000000000000_REC_1974 |7 0 |8 P |9 243991 |a BIBEDU |b BIBEDU |c BIBEDU_PB |d 2019-11-18 |i 1529196 |o 374 REC 1974 |p 1529196 |r 2024-01-25 |w 2019-11-18 |y BK |k EDU | ||